[Event "Manizales Las Americas blitz op"]
[Site "Manizales"]
[Date "2021.10.23"]
[Round "2"]
[White "Ardila, Oscar Humberto"]
[Black "Quiros, Juan Pablo"]
[Result "0-1"]
[WhiteElo "1715"]
[BlackElo "2188"]
[PlyCount "142"]
[EventDate "2021.10.23"]
[EventType "swiss (blitz)"]
[EventRounds "11"]
[EventCountry "COL"]
[SourceTitle "CBM 205 Extra"]
[Source "ChessBase"]
[SourceDate "2022.01.31"]
[SourceVersion "1"]
[SourceVersionDate "2022.01.31"]
[SourceQuality "1"]

1. e4 c6 2. d4 d5 3. e5 c5 4. Nf3 Nc6 5. Bb5 Bg4 6. 0-0 e6 7. Bxc6+ bxc6 8. c3 Qb6 9. Qb3 Bxf3 10. gxf3 cxd4 11. Qxb6 axb6 12. cxd4 Ne7 13. Be3 Nf5 14. Nc3 c5 15. Rfd1 Be7 16. Nb5 Kd7 17. a4 c4 18. Rdc1 Rhc8 19. Kf1 g5 20. Ke2 h5 21. Rg1 Rg8 22. f4 g4 23. Rgc1 Rgc8 24. Rg1 Nh4 25. Rh1 Nf5 26. Rhg1 Rg8 27. Nc3 h4 28. Rab1 Bb4 29. Ra1 Rg6 30. Rg2 g3 31. hxg3 hxg3 32. fxg3 Rxg3 33. Rxg3 Nxg3+ 34. Kf3 Nf5 35. Bf2 Rh8 36. Nb5 Rh3+ 37. Kg2 Rb3 38. Nd6 Nxd6 39. exd6 Bxd6 40. a5 bxa5 41. Rxa5 Rxb2 42. Ra7+ Ke8 43. f5 c3 44. Kf3 c2 45. Be3 Rb1 46. Ra8+ Kd7 47. Ra7+ Kc6 48. fxe6 fxe6 49. Ra8 c1Q 50. Rc8+ Bc7 51. Bxc1 Rxc1 52. Ke3 Kd7 53. Rg8 Bb6 54. Kd2 Rc4 55. Rg7+ Kd6 56. Rg8 Bxd4 57. Kd3 Bf6 58. Ra8 Ke5 59. Ra2 Kf5 60. Rf2+ Rf4 61. Rh2 e5 62. Rh7 Rf3+ 63. Ke2 e4 64. Rd7 d4 65. Rd5+ Be5 66. Rd7 d3+ 67. Ke1 Bg3+ 68. Kd1 Rf1+ 69. Kd2 Bf4+ 70. Kc3 d2 71. Kc2 Rc1+ 0-1

[Event "Manizales Las Americas blitz op"]
[Site "Manizales"]
[Date "2021.10.23"]
[Round "8"]
[White "Herrera, Juan Sebastian"]
[Black "Quiros, Juan Pablo"]
[Result "1/2-1/2"]
[WhiteElo "2345"]
[BlackElo "2188"]
[PlyCount "113"]
[EventDate "2021.10.23"]
[EventType "swiss (blitz)"]
[EventRounds "11"]
[EventCountry "COL"]
[SourceTitle "CBM 205 Extra"]
[Source "ChessBase"]
[SourceDate "2022.01.31"]
[SourceVersion "1"]
[SourceVersionDate "2022.01.31"]
[SourceQuality "1"]

1. e4 c6 2. d4 d5 3. Nd2 dxe4 4. Nxe4 Nf6 5. Nxf6+ exf6 6. Bc4 Bd6 7. Ne2 0-0 8. 0-0 Qc7 9. Ng3 Re8 10. c3 Nd7 11. Qh5 Nf8 12. Bd2 g6 13. Qh4 f5 14. Rae1 Be6 15. Bd3 Bxa2 16. Bg5 Ne6 17. Bf6 Be7 18. Bxf5 Bxf6 19. Qxf6 Bc4 20. Bxe6 fxe6 21. Ne2 e5 22. Qh4 exd4 23. Qxd4 Ba6 24. c4 Qg7 25. Qxg7+ Kxg7 26. b3 b5 27. Nf4 bxc4 28. Ne6+ Kf6 29. Nc7 Rxe1 30. Rxe1 Rc8 31. Nxa6 cxb3 32. Rb1 c5 33. Rxb3 Rc6 34. Nb8 Rc7 35. Kf1 c4 36. Rc3 Ke5 37. Na6 Kd4 38. Nxc7 Kxc3 39. Nb5+ Kb2 40. Ke2 c3 41. Nd4 a5 42. f4 a4 43. g4 a3 44. f5 a2 45. f6 a1Q 46. f7 Qa8 47. Ne6 Qe4+ 48. Kf2 Qxe6 49. f8Q Qb6+ 50. Kg3 Qc7+ 51. Kh4 c2 52. Qb4+ Ka2 53. Qa4+ Kb1 54. Qb4+ Kc1 55. Qe1+ Kb2 56. Qb4+ Kc1 57. Qe1+ 1/2-1/2

[Event "Manizales Las Americas blitz op"]
[Site "Manizales"]
[Date "2021.10.23"]
[Round "6"]
[White "Leiva Rodriguez, Jeammarco Giuseppe"]
[Black "Quiros, Juan Pablo"]
[Result "1/2-1/2"]
[WhiteElo "2355"]
[BlackElo "2188"]
[PlyCount "121"]
[EventDate "2021.10.23"]
[EventType "swiss (blitz)"]
[EventRounds "11"]
[EventCountry "COL"]
[SourceTitle "CBM 205 Extra"]
[Source "ChessBase"]
[SourceDate "2022.01.31"]
[SourceVersion "1"]
[SourceVersionDate "2022.01.31"]
[SourceQuality "1"]

1. e4 c6 2. Nf3 d5 3. d3 Nf6 4. Nbd2 Bg4 5. h3 Bh5 6. g4 Bg6 7. Qe2 e6 8. Bg2 Be7 9. Ne5 Nbd7 10. Nxd7 Qxd7 11. f4 h6 12. f5 Bh7 13. Nf3 dxe4 14. dxe4 exf5 15. exf5 0-0 16. Be3 Rfe8 17. Ne5 Qc7 18. Nd3 Nd5 19. Bxd5 cxd5 20. 0-0 Bg5 21. Rf3 d4 22. Qg2 Bxe3+ 23. Kh1 Rac8 24. Ne1 Bg5 25. Rd1 Bh4 26. Rf1 Bxe1 27. Rfxe1 g6 28. Rxe8+ Rxe8 29. f6 g5 30. Qf2 Qxc2 31. Qxc2 Bxc2 32. Rxd4 Re2 33. Kg1 Ba4 34. Rxa4 a6 35. Rb4 b5 36. a4 Re5 37. Rd4 Kh7 38. Rd6 Re1+ 39. Kf2 Rb1 40. Rxa6 Rxb2+ 41. Kf3 b4 42. Rb6 Kg6 43. a5 Rb3+ 44. Ke4 Rxh3 45. Rxb4 Ra3 46. Rb5 Ra4+ 47. Kf3 Kxf6 48. Rb6+ Ke5 49. Rb5+ Kd4 50. Rf5 Ra3+ 51. Kf2 Ke4 52. Rxf7 Ra2+ 53. Kg3 Ra3+ 54. Kf2 Ra2+ 55. Kg3 Rxa5 56. Rf6 Ra3+ 57. Kg2 Ra2+ 58. Kg3 Ra3+ 59. Kg2 Ra2+ 60. Kg3 Ra3+ 61. Kg2 1/2-1/2

[Event "Pereira Pelaez Memorial"]
[Site "Pereira"]
[Date "2021.06.06"]
[Round "5"]
[White "Jaramillo, Carlos Orlando"]
[Black "Quiros, Juan Pablo"]
[Result "1-0"]
[WhiteElo "1898"]
[BlackElo "2019"]
[PlyCount "64"]
[EventDate "2021.06.04"]
[EventType "swiss"]
[EventRounds "7"]
[EventCountry "COL"]
[SourceTitle "CBM 202 Extra"]
[Source "ChessBase"]
[SourceDate "2021.07.31"]
[SourceVersion "1"]
[SourceVersionDate "2021.07.31"]
[SourceQuality "1"]

1. b4 d5 2. e3 Bf5 3. Nf3 h6 4. Bd3 Bxd3 5. cxd3 c6 6. Nc3 e6 7. Rb1 Nd7 8. d4 Qc7 9. 0-0 Ngf6 10. d3 Be7 11. e4 0-0 12. g3 dxe4 13. dxe4 e5 14. dxe5 Nxe5 15. Nh4 Rfd8 16. Qe2 Nd3 17. a3 Nxc1 18. Rbxc1 a5 19. Qc4 Qe5 20. Ng6 Qe6 21. Qxe6 fxe6 22. Nxe7+ Kf7 23. Nxc6 bxc6 24. e5 Ng4 25. Rfe1 axb4 26. axb4 h5 27. h3 Nh6 28. Ne4 Ra6 29. Nd6+ Ke7 30. Red1 Rb6 31. b5 Nf7 32. bxc6 Ra6 1-0

[Event "Pereira Risaraldense Cup-A"]
[Site "Pereira"]
[Date "2021.01.21"]
[Round "3"]
[White "Quiros, Juan Pablo"]
[Black "Buitrago, Juan Carlos"]
[Result "1/2-1/2"]
[WhiteElo "2050"]
[BlackElo "2029"]
[PlyCount "33"]
[EventDate "2021.01.20"]
[EventType "tourn"]
[EventRounds "9"]
[EventCountry "COL"]
[SourceTitle "CBM 200 Extra"]
[Source "ChessBase"]
[SourceDate "2021.03.31"]
[SourceVersion "1"]
[SourceVersionDate "2021.03.31"]
[SourceQuality "1"]

1. d4 d5 2. Nf3 Nf6 3. Bf4 e6 4. e3 c5 5. c3 Nc6 6. Nbd2 Be7 7. Be2 0-0 8. 0-0 Re8 9. Ne5 Nxe5 10. Bxe5 Nd7 11. Bg3 Bf6 12. Nf3 e5 13. dxe5 Nxe5 14. Nxe5 Bxe5 15. Bxe5 Rxe5 16. Bg4 Bxg4 17. Qxg4 1/2-1/2

[Event "COL-ch sf"]
[Site "Medellin"]
[Date "2020.11.13"]
[Round "3"]
[White "Quiros, Juan Pablo"]
[Black "Soto, Miguel Angel"]
[Result "0-1"]
[WhiteElo "2091"]
[BlackElo "2273"]
[PlyCount "74"]
[EventDate "2020.11.12"]
[EventType "swiss"]
[EventRounds "8"]
[EventCountry "COL"]
[SourceTitle "CBM 199 Extra"]
[Source "ChessBase"]
[SourceDate "2021.01.31"]
[SourceVersion "1"]
[SourceVersionDate "2021.01.31"]
[SourceQuality "1"]

1. d4 Nf6 2. Bf4 g6 3. Nf3 Bg7 4. e3 c5 5. c3 b6 6. h3 Bb7 7. Be2 0-0 8. 0-0 d5 9. Nbd2 Nc6 10. a4 Nd7 11. Bh2 e5 12. dxe5 Ndxe5 13. Nxe5 Nxe5 14. Nf3 Nc6 15. Qc2 Qe7 16. Rfd1 Rac8 17. Bb5 Rfd8 18. Qe2 d4 19. exd4 Qxe2 20. Bxe2 cxd4 21. Bb5 dxc3 22. bxc3 Bxc3 23. Rac1 Bb2 24. Rb1 Ba3 25. Bf4 Be7 26. Be3 Nb4 27. Rxd8+ Rxd8 28. Rc1 Nd5 29. Bh6 Bf6 30. Bg5 Bxg5 31. Nxg5 h6 32. Ne4 Nf4 33. f3 Bxe4 34. fxe4 Ne6 35. Re1 Nc5 36. Bc6 Rd6 37. Ba8 Kg7 0-1

[Event "Manizales op 26th"]
[Site "Manizales"]
[Date "2017.01.05"]
[Round "3"]
[White "Quiros, Juan Pablo"]
[Black "Garcia Alarcon, Alvaro"]
[Result "1/2-1/2"]
[WhiteElo "1944"]
[BlackElo "2195"]
[PlyCount "57"]
[EventDate "2017.01.04"]
[EventType "swiss"]
[EventRounds "9"]
[EventCountry "COL"]
[SourceTitle "CBM 176 Extra"]
[Source "ChessBase"]
[SourceDate "2017.03.02"]
[SourceVersion "1"]
[SourceVersionDate "2017.03.02"]
[SourceQuality "1"]

1. d4 Nf6 2. Nf3 c5 3. e3 e6 4. g3 b6 5. Bg2 Bb7 6. 0-0 Qc7 7. b3 Be7 8. Bb2 d6 9. c4 Nbd7 10. Nbd2 0-0 11. Qe2 Ne4 12. Rfd1 f5 13. Nxe4 Bxe4 14. Ne1 Nf6 15. f3 Bb7 16. Rd2 Rf7 17. Rad1 Raf8 18. Nd3 g5 19. Ba1 h6 20. Bb2 Ne8 21. f4 Bxg2 22. Qxg2 Bf6 23. Kh1 Rg7 24. Rf1 Qb7 25. Qxb7 Rxb7 26. Kg2 Bg7 27. Rfd1 cxd4 28. Bxd4 Bxd4 29. exd4 1/2-1/2

[Event "Pan American Amateur-ch"]
[Site "San Andres Islas"]
[Date "2014.08.30"]
[Round "8"]
[White "Quiros, Juan Pablo"]
[Black "Dabraccio, Guillermo"]
[Result "1-0"]
[WhiteElo "1926"]
[BlackElo "1766"]
[PlyCount "43"]
[EventDate "2014.08.26"]
[EventType "swiss"]
[EventRounds "9"]
[EventCountry "COL"]
[SourceTitle "EXT 2016"]
[Source "ChessBase"]
[SourceDate "2015.10.08"]
[SourceVersion "1"]
[SourceVersionDate "2015.10.08"]
[SourceQuality "1"]

1. d4 d5 2. c4 c6 3. Nc3 Nf6 4. Nf3 a6 5. a4 Nbd7 6. a5 Qc7 7. Qb3 e6 8. Bg5 Be7 9. e3 0-0 10. Be2 b6 11. Bf4 Qd8 12. axb6 dxc4 13. b7 cxb3 14. bxa8Q Qb6 15. Bxa6 Bb4 16. Bxc8 Bxc3+ 17. bxc3 Qb5 18. Qa6 b2 19. Rb1 Qb3 20. 0-0 Qxc3 21. Bxd7 Nxd7 22. Qa2 1-0

[Event "Pan American Amateur-ch"]
[Site "San Andres Islas"]
[Date "2014.08.28"]
[Round "4"]
[White "Quiros, Juan Pablo"]
[Black "Velez Alvarez, Laura Camila"]
[Result "1-0"]
[WhiteElo "1926"]
[BlackElo "1830"]
[PlyCount "121"]
[EventDate "2014.08.26"]
[EventType "swiss"]
[EventRounds "9"]
[EventCountry "COL"]
[SourceTitle "EXT 2016"]
[Source "ChessBase"]
[SourceDate "2015.10.08"]
[SourceVersion "1"]
[SourceVersionDate "2015.10.08"]
[SourceQuality "1"]

1. d4 Nf6 2. Nf3 g6 3. g3 Bg7 4. Bg2 0-0 5. 0-0 d6 6. b3 Nbd7 7. Bb2 d5 8. Ne5 c6 9. Nd3 Ne4 10. Nd2 Nxd2 11. Qxd2 e6 12. e4 dxe4 13. Bxe4 Qb6 14. a4 a5 15. Ne5 Qc7 16. Nc4 b6 17. Ba3 Rd8 18. Bd6 Qa7 19. Bxc6 Bb7 20. Bxb7 Qxb7 21. Ba3 Qd5 22. Rad1 Qc6 23. d5 exd5 24. Qxd5 Qf6 25. Bb2 Qe7 26. Rfe1 Qf8 27. Qd6 Bxb2 28. Qxf8+ Kxf8 29. Nxb2 Nf6 30. Nc4 Rxd1 31. Rxd1 Rc8 32. Rd6 Ke7 33. Rxb6 Nd5 34. Rb5 Nb4 35. Ne3 Nc6 36. Kf1 Rd8 37. Rd5 Rc8 38. Ke2 Nb4 39. Rxa5 Nxc2 40. Nxc2 Rxc2+ 41. Kf1 Rc1+ 42. Kg2 Rc7 43. Rd5 Rb7 44. Rd3 Rb4 45. Kf3 Ke6 46. Ke2 Rb7 47. Kd2 Ke5 48. Kc2 f5 49. Kb2 Ke4 50. Rd2 g5 51. Ka3 f4 52. a5 fxg3 53. fxg3 h5 54. Ka4 h4 55. gxh4 gxh4 56. b4 Ke3 57. Rd8 Kf3 58. a6 Rg7 59. Rh8 Ke4 60. Rxh4+ Kd5 61. Rh6 1-0

[Event "Pan American Amateur-ch"]
[Site "San Andres Islas"]
[Date "2014.08.27"]
[Round "2"]
[White "Quiros, Juan Pablo"]
[Black "Palomares Valencia, Daniel Felipe"]
[Result "1-0"]
[WhiteElo "1926"]
[BlackElo "1809"]
[PlyCount "87"]
[EventDate "2014.08.26"]
[EventType "swiss"]
[EventRounds "9"]
[EventCountry "COL"]
[SourceTitle "EXT 2016"]
[Source "ChessBase"]
[SourceDate "2015.10.08"]
[SourceVersion "1"]
[SourceVersionDate "2015.10.08"]
[SourceQuality "1"]

1. Nf3 Nf6 2. d4 g6 3. g3 Bg7 4. c4 0-0 5. Bg2 d5 6. Nbd2 dxc4 7. Nxc4 c6 8. 0-0 Be6 9. Qc2 Nbd7 10. Ng5 Bxc4 11. Qxc4 e5 12. dxe5 Nxe5 13. Qc2 Qe7 14. e4 h6 15. Nh3 Rfd8 16. f4 Nd3 17. e5 Ne8 18. Bd2 Qd7 19. Bc3 Qc7 20. Kh1 Qb6 21. Rad1 Nb4 22. Qb3 Nd3 23. Qxb6 axb6 24. a3 Nc5 25. Nf2 Nc7 26. Ne4 Nxe4 27. Bxe4 Ne6 28. Kg2 Nc5 29. Bc2 Bf8 30. Kf3 Ne6 31. g4 Bxa3 32. Rxd8+ Nxd8 33. Ra1 c5 34. Rxa3 Ra6 35. Bd3 Rxa3 36. bxa3 Kf8 37. f5 g5 38. Ke4 Ke7 39. Kd5 Kd7 40. Bb5+ Ke7 41. a4 f6 42. exf6+ Kf7 43. Kd6 Kf8 44. Kc7 1-0